00783nam a22002177a 4500003000400000005001700004008004100021020001800062040002900080050002400109100002600133245005800159260004700217300001700264650004200281700003100323700002300354942001500377952015600392999001700548OSt20260618124638.0260618b |||||||| |||| 00| 0 eng d a9781572307537 cChuka University Library aLB 1574.5b.B4 2002 aBeck Isabel L.930198 aBringing Words to Life; Robust Vocabulary Instruction aNew York/ LondonbThe Guilford Pressc2002 ax 148 pages aVocabulary -Study and Teaching927780 aMcKeown Margaret G.930199 aKucan Linda930200 2lcccBKn0 00102lcc40708LGLaCHKbCHKcGENd2026-06-18eDonation from Books for Africal0oLB 1574.5 .B4 2002p35365/2026r2026-07-02 10:53:17w2026-06-18yBK c24786d24786